000 00349 a2200169 4500
001 182816
020 _a85-7160-067-8
040 _cMagnum
100 _aGabriel, Paulo
240 1 0 _aMemorial do corpo
_lpor
245 1 0 _aMemorial do corpo
300 _a100
362 0 _a1996
440 1 _aÁtica
697 _aLITERATURA GERAL
942 _cBK
999 _c182816
_d182816